00867nam a22002057a 4500001000400000003000600004005001700010008004100027040002900068050001500097082001100112100002000123245009100143260003100234300005800265505000600323520029600329521001800625521001800643297FISKH20230317091447.0230317b cb ||||| |||| 00| 0 eng d aFISKHbengcFISKHdFISKH aQL122.A75  a591.77 aArlon, Penelope aDeep Dive bA lego adventure under the sea /cby Penelope Arlon and Tory Gordon-Harris aMalaysiabScholasticc2016 a32 p.blast leaf contains removeable stickersc24 cm. aM aTwo powerful brands, LEGO and Scholastic, come together for a line of exciting nonfiction readers. In this innovative new publishing program, LEGO models and minifigures are illustrated in fun and fantastic scenarios throughout. The first point of engagement for kids with real-world topics.8 a640 bLexile8 aM bRaz-Plus